000 00537nam a22001697a 4500
999 _c9117
_d9117
008 210323b ||||| |||| 00| 0 eng d
040 _aBMS College of Architecture
100 _aBMS College of Architectur
245 _aCentre for children with special needs
300 _a42p.
500 _a1BM06AT050
502 _8B.Arch
_NBMS College of Architecture, Visvesvaraya Technological University
_aProject report
_d2011
650 _aChildren
700 _aSindhu Srikanth
_eGuide
700 _aK R Madhu Chand
_eGuide
942 _2ddc
_cTHE